| 000 | 00454nam a2200181Ia 4500 | ||
|---|---|---|---|
| 001 | 58810 | ||
| 008 | 140507s9999 xx 000 0 und d | ||
| 020 | _a9788126153787 | ||
| 040 | _cPK-LaUMT | ||
| 082 |
_a 610.284 _bKHA-C |
||
| 100 | _aKhare, Rita | ||
| 245 |
_aConcepts in nano biotechnology _cKhare, Rita |
||
| 260 |
_aNew Delhi,India: _bAnmol Publications, _c2013 |
||
| 300 | _a191 p. | ||
| 546 | _aEN | ||
| 650 | _aNano technology | ||
| 942 | _cBK | ||
| 999 |
_c56072 _d56072 |
||